Logo

Description automatically generated
विद्यार्जन
 संसाधन केंद्र, भारतीय प्रौद्योगिकी संस्थान इन्दौर
Learning Resource Center, Indian Institute of Technology Indore

ऑनलाइन सार्वजनिक अभिगम प्रसूची
Online Public Access Catalogue (OPAC)

Thank you, Jeeves (Record no. 57370)

MARC details
000 -LEADER
fixed length control field 00741nam a2200229Ia 4500
005 - DATE AND TIME OF LATEST TRANSACTION
control field 20260704175957.0
008 - FIXED-LENGTH DATA ELEMENTS--GENERAL INFORMATION
fixed length control field 260704s9999||||xx |||||||||||||| ||und||
020 ## - INTERNATIONAL STANDARD BOOK NUMBER
International Standard Book Number 9780099513735
Qualifying information pbk
082 ## - DEWEY DECIMAL CLASSIFICATION NUMBER
Classification number 823.912
Item number WOD
100 ## - MAIN ENTRY--PERSONAL NAME
Personal name Wodehouse, P. G.
245 #0 - TITLE STATEMENT
Title Thank you, Jeeves
250 ## - EDITION STATEMENT
Edition statement 1st ed. 1934 ; 1st Arrow Books ed. 2008
260 ## - PUBLICATION, DISTRIBUTION, ETC.
Place of publication, distribution, etc. London
Name of publisher, distributor, etc. Arrow Books/Penguin Random House UK
Date of publication, distribution, etc. 2008
300 ## - PHYSICAL DESCRIPTION
Extent 263p., 12p. ; 20cm.
653 ## - INDEX TERM--UNCONTROLLED
Uncontrolled term England—Fiction
653 ## - INDEX TERM--UNCONTROLLED
Uncontrolled term Humorous stories, English
653 ## - INDEX TERM--UNCONTROLLED
Uncontrolled term Jeeves (Fictitious character)—Fiction
653 ## - INDEX TERM--UNCONTROLLED
Uncontrolled term Valets—Fiction
653 ## - INDEX TERM--UNCONTROLLED
Uncontrolled term Wooster, Bertie (Fictitious character)—Fiction
653 ## - INDEX TERM--UNCONTROLLED
Uncontrolled term Wooster, Bertie (Fictitious character)—Fiction
942 ## - ADDED ENTRY ELEMENTS (KOHA)
Koha item type Book
Holdings
Withdrawn status Lost status Damaged status Not for loan Home library Current library Shelving location Date acquired Source of acquisition Total Checkouts Full call number Barcode Date last seen Price effective from Koha item type
        LRC, IIT Indore LRC, IIT Indore 2nd Floor - General Stack 04/07/2026 Gratis Book Price: GBP 8.99   823.912 WOD G2595 04/07/2026 04/07/2026 Book
Copyright © 2017-2026 Indian Institute of Technology Indore. All Rights Reserved.
Managed & maintained by Learning Resource Center, IIT Indore